000 01101cam a2200277 4500
001 WS110896
008 000000n 000 0 eng u
035 _a(Sirsi) u110896
245 _aPlanning-applications.co.uk
520 _aDescribes itself as the web site 'which provides independent professional guidance and advice on town planning and related issues'. Includes a glossary of terms and a checklist outlining the procedure for preparing and submitting a planning application.
650 _aPLANNING APPLICATIONS
650 _aGLOSSARY
650 _aPLANNING PERMISSION
650 _aPERMITTED DEVELOPMENT
650 _aPLANNING APPEALS
650 _aBUILDING REGULATIONS
_96224
650 0 _aADVERTISEMENT CONTROL
650 _aLISTED BUILDINGS
650 _aCONSERVATION AREAS
650 _aTREE PRESERVATION ORDERS (TPOs)
650 _aRIGHTS OF WAY
650 _aAGRICULTURAL BUILDINGS
690 _aPlanning and development
_96259
856 4 0 _uhttps://www.planning-applications.co.uk
_zView the website free of charge at www.planning-applications.co.uk...
942 _n0
999 _c119776
_d119776